Plant-Microbe Interactions Harnessing Next-Generation Molecular Technologies for Sustainable Agriculture (Record no. 51078)
[ view plain ]
| 000 -LEADER | |
|---|---|
| fixed length control field | 00661nam a22001817a 4500 |
| 003 - CONTROL NUMBER IDENTIFIER | |
| control field | OSt |
| 008 - FIXED-LENGTH DATA ELEMENTS--GENERAL INFORMATION | |
| fixed length control field | 260601b |||||||| |||| 00| 0 eng d |
| 020 ## - INTERNATIONAL STANDARD BOOK NUMBER | |
| International Standard Book Number | 9780367774424 |
| 082 ## - DEWEY DECIMAL CLASSIFICATION NUMBER | |
| Classification number | 581.23 |
| Item number | S13P |
| 245 ## - TITLE STATEMENT | |
| Title | Plant-Microbe Interactions Harnessing Next-Generation Molecular Technologies for Sustainable Agriculture |
| Remainder of title | edited By Jagajjit Sahu, Anukool Vaishnav, Harikesh Bahadur Singh |
| 260 ## - PUBLICATION, DISTRIBUTION, ETC. (IMPRINT) | |
| Place of publication, distribution, etc | Boca Raton: |
| Name of publisher, distributor, etc | CRC Press, |
| Date of publication, distribution, etc | 2023. |
| 300 ## - PHYSICAL DESCRIPTION | |
| Extent | xiv, 303 p. |
| 650 ## - SUBJECT ADDED ENTRY--TOPICAL TERM | |
| Topical term or geographic name as entry element | Botanical sciences | Pure Sciences | Microorganisms | Plant diseases |
| 700 ## - ADDED ENTRY--PERSONAL NAME | |
| Personal name | Jagajjit Sahu |
| 700 ## - ADDED ENTRY--PERSONAL NAME | |
| Personal name | Vaishnav, Anukool |
| 700 ## - ADDED ENTRY--PERSONAL NAME | |
| Personal name | Singh, Harikesh Bahadur |
| 942 ## - ADDED ENTRY ELEMENTS (KOHA) | |
| Source of classification or shelving scheme | |
| Koha item type | Books |
| Withdrawn status | Lost status | Source of classification or shelving scheme | Damaged status | Not for loan | Home library | Current library | Shelving location | Date acquired | Source of acquisition | Total Checkouts | Full call number | Barcode | Date last seen | Bill Date | Koha item type |
|---|---|---|---|---|---|---|---|---|---|---|---|---|---|---|---|
| Dr. Rajendra Prasad Central Agricultural University Pusa, | Dr. Rajendra Prasad Central Agricultural University Pusa, | General Stacks | 01/06/2026 | Delight Book Agency | 581.23 S13P | 87234 | 01/06/2026 | 29/01/2026 | Books | ||||||
| Dr. Rajendra Prasad Central Agricultural University Pusa, | Dr. Rajendra Prasad Central Agricultural University Pusa, | General Stacks | 01/06/2026 | Delight Book Agency | 581.23 S13P | 87235 | 01/06/2026 | 29/01/2026 | Books |